HAŠKO, Ladislav veršovník, učiteľ (27. 4. 1778 Nitra - 16. 11. 1844 Krupina, okr. Zvolen)

Podrobná bibliografia
Médium: Článok
Jazyk:slovenčina
Predmet:

MARC

LEADER 00000naa a2200000uu 4500
001 vtls010917959
003 SK-MaSNL
005 20260302131542.0
008 220808|1987 xo |||||||||||||||||slo|
015 |a SNBRA 
035 |a (urnnbn)urn:nbn:sk:snk:ar-a0cxis 
035 |a (uuid)75f5b749-73bf-40de-b9f3-9f9e81cb7b11 
035 |a urn:nbn:sk:snk-aatm8b 
040 |a SNKBUCL  |b slo  |c SNKBUCL  |e AACR2 
041 0 |a slo 
044 |a xo  |c SK 
245 0 0 |a HAŠKO, Ladislav  |b veršovník, učiteľ (27. 4. 1778 Nitra - 16. 11. 1844 Krupina, okr. Zvolen) 
655 7 |a biografické heslá  |2 SNKPH  |9 368942 
773 0 |t Slovenský biografický slovník : (od roku 833 do roku 1990). II. zväzok, E-J  |d Martin : Matica slovenská, 1987  |g S. 292-293 
954 |a odborná, vedecká literatúra pôvodná (slovenská)  |2 lita 
958 |a BX 
958 |a OND 
958 |a chapter 
958 |a article25 
999 |c 1308639  |d 1310569